Nihon tochi seidoshi /

Saved in:
Bibliographic Details
Main Author: Tanabe, Katsumasa, 1892-1973.
Format: Book
Language:Japanese
Published: Tōkyō : Ie no Hikari Kyōkai, Shōwa 49 [1974]
Subjects:
Tags: Add Tag
No Tags, Be the first to tag this record!
LEADER 00760cam a2200265Ii 4500
001 007766656-9
005 20020606104010.5
008 790213s1974 ja c 000 0 jpn
010 |a  74811167 /J 
015 |a Ja74-15178 
035 0 |a ocm04649481 
035 0 |a ocm04649481  |z ocm23323300 
040 |a DLC  |c AGL  |d OCL  |d EYM  |d YNH 
043 |a a-ja--- 
050 0 |a HD913  |b .T33 1974 
072 |a 1005 
100 1 |a Tanabe, Katsumasa,  |d 1892-1973. 
245 1 0 |a Nihon tochi seidoshi /  |c Tanabe Katsumasa. 
260 |a Tōkyō :  |b Ie no Hikari Kyōkai,  |c Shōwa 49 [1974] 
300 |a 15, 1069 p. :  |b port. ;  |c 21 cm. 
650 3 |a Land tenure  |z Japan. 
650 3 |a Land tenure  |x History. 
650 0 |a Land tenure  |z Japan  |x History. 
988 |a 20020608 
906 |0 DLC